Generazioni dei Pokémon - Quiz n°68 - Statistics

Statistiche generali
  • Questo quiz è stato fatto 6 volte
  • Il punteggio medio è 9 su 20
Statistiche sulle risposte
Hint Risposta % Corretto
Nidoking Prima
100%
Nymble Nona
60%
Manoferrea Nona
60%
Shieldon Quarta
60%
Chi-Yu Nona
40%
Obstagoon Ottava
40%
Arrokuda Ottava
40%
Milcery Ottava
40%
Deerling Quinta
40%
Dunsparce Seconda
40%
Quilladin Sesta
40%
Noivern Sesta
40%
Bounsweet Settima
40%
Salandit Settima
40%
Tapu Koko Settima
40%
Vigoroth Terza
40%
Barboach Terza
40%
Chingling Quarta
20%
Cherubi Quarta
20%
Sawsbuck Quinta
20%
Nessun quiz corrispondente trovato
Distribuzione punteggi
Percentuale di utenti per punteggio
Percentile per numero di risposta
I tuoi punteggi nel tempo
Non hai fatto questo quiz